Logo BPK

Biblioteka

Politechniki Koszalińskiej

Statisticeskie metody issledovanija magnitnych svojstv kristallov / (Rekord nr 29061)

Szczegóły MARC
000 -ETYKIETA REKORDU
podpole kontrolne o stałej długości 00427nam a2200157 i 4500
001 - NUMER KONTROLNY REKORDU
pole kontrolne bg
040 ## - ŹRÓDŁO KATALOGOWANIA
Instytucja, która utworzyła rekord BPK
041 ## - KOD JĘZYKA
Kod języka tekstu pol
008 - POLE O STAŁEJ DŁUGOŚCI - DANE KONTROLNE
podpole kontrolne o stałej długości s pl f |000 0 pol
100 1# - NAZWA OSOBOWA
Nazwa osobowa SIDOROV, A.A.
245 #0 - TYTUŁ/ODPOWIEDZIALNOŚĆ
Tytuł Statisticeskie metody issledovanija magnitnych svojstv kristallov /
Pozostałe elementy strefy tytułu i oznaczenia odpowiedzialności A.A.Sidorov,R.N.Pletnev,V.P.Suetin.
260 ## - STREFA ADRESU WYDAWNICZEGO
Miejsce wydania Sverdlovsk,
Data publikacji, dystrybucji/powstania dokumentu 1988.
700 1# - HASŁO DODATKOWE - NAZWA OSOBOWA
Nazwa osobowa PLETNEV, R.N.
700 1# - HASŁO DODATKOWE - NAZWA OSOBOWA
Nazwa osobowa SUETIN, V.P.
856 ## - LOKALIZACJA I DOSTĘP DO ELEKTRONICZNYCH DOKUMENTÓW ZDALNYCH
Link (URL) http://koha.tu.koszalin.pl/cgi-bin/koha/opac-detail.pl?biblionumber=29061
Tekst linku Katalog online BPK
942 ## - DODATKOWE ELEMENTY (KOHA)
Typ dokumentu Książka
Egzemplarze
Wycofany Status egzemplarza Uszkodzony Dostępność Lokalizacja stała Lokalizacja bieżąca Miejsce przechowywania Sygnatura Kod kreskowy Typ dokumentu
      Dostępny Biblioteka Politechniki Koszalińskiej Biblioteka Politechniki Koszalińskiej Wypożyczalnia BG 35110 01596151 Książka
© 2023 Biblioteka Politechniki Koszalińskiej :: KOHA